Pantyhose - TV Girl (Lyrics) - Statistics

General Stats
  • This quiz has been taken 140 times
  • The average score is 100 of 135
Answer Stats
Answer % Correct
a
95%
pantyhose
94%
the
92%
he
91%
He
91%
her
89%
his
89%
His
89%
and
88%
And
88%
she
86%
when
86%
When
86%
around
84%
didn't
83%
in
83%
neck
83%
war
83%
wrapped
83%
him
81%
me
81%
They
81%
To
81%
to
81%
Boys
80%
came
80%
Then
80%
were
80%
love
78%
on
78%
cry
77%
march
77%
eyes
75%
than
75%
younger
75%
anymore
73%
charm
73%
lucky
73%
though
73%
bullets
72%
die
72%
even
72%
Even
72%
from
70%
at
69%
can't
69%
Keeping
69%
kill
69%
No
69%
harm
67%
magic
67%
could
66%
go
66%
into
66%
letter
66%
work
66%
feel
64%
aiming
63%
Not
63%
stepped
63%
Death
61%
that
59%
through
59%
defeat
58%
Guns
58%
mine
58%
off
58%
serve
56%
trees
56%
all
55%
It
55%
scratch
53%
mystical
52%
duck
50%
poke
50%
cover
48%
warm
48%
soft
47%
breathed
45%
scent
45%
Away
41%
limb
41%
someplace
38%
violet
36%
got
34%
caught
31%
No matching quizzes found
Score Distribution
Percent of People with Each Score
Percentile by Number Answered
Your Score History
You have not taken this quiz